000 01019nam a2200205Ii 4500
003 JO-AjNU
008 230605s9999||||xx |||||||||||||| ||und||
040 _aJO-AjNU
_bara
_erda
_cJO-AjNU
041 _aara
050 1 4 _aKMM202.A4.1987
100 3 _aاعداد ، موسى الاعرج ,
_eauthor
_946836
245 0 0 _aمجموعة المبادئ القانونية لمحكمة التمييز بصفتها محكمة عدل عليا : المنشورة في مجلة نقابة المحاميين خلال خمس وثلاثين سنة : منذ بداية سنة 1953 حتى نهاية سنة 1987
250 _a(د،ط)
264 3 1 _aعمان : نقابة المحامين ، 1982
300 _a1116ص
336 _atext
_btxt
_2rdacontent
337 _aunmediated
_bn
_2rdamedia
338 _avolume
_bnc
_2rdacarrier
650 4 _aمحاكم النقض والابرام -- القضاء الاداري -- الاردن -- المحاكم -- الاردن -- المحاكم الدستورية -- الاردن
_946837
999 _aA20404
_c23972
_d23972